|
|
|
|
| LEADER |
01546nam a2200373 i 4500 |
| 001 |
EBC5890602 |
| 003 |
MiAaPQ |
| 005 |
20200520144314.0 |
| 006 |
m o d | |
| 007 |
cr cnu|||||||| |
| 008 |
190930s2016 nyu o 000 0 eng d |
| 020 |
|
|
|z 9781633882478
|
| 020 |
|
|
|a 9781633882485 (e-book)
|
| 035 |
|
|
|a (MiAaPQ)EBC5890602
|
| 035 |
|
|
|a (Au-PeEL)EBL5890602
|
| 035 |
|
|
|a (OCoLC)953387309
|
| 040 |
|
|
|a MiAaPQ
|b eng
|e rda
|e pn
|c MiAaPQ
|d MiAaPQ
|
| 050 |
|
4 |
|a HQ759.48
|b .B795 2016
|
| 082 |
0 |
|
|a 306.8743
|2 23
|
| 100 |
1 |
|
|a Brykman, Beth,
|e author.
|
| 245 |
1 |
4 |
|a The best of both worlds :
|b how mothers can find full-time satisfaction in part-time work /
|c Beth Brykman.
|
| 264 |
|
1 |
|a Amherst, New York :
|b Prometheus Books,
|c [2016]
|
| 264 |
|
4 |
|c 2016
|
| 300 |
|
|
|a 1 online resource (260 pages)
|
| 336 |
|
|
|a text
|b txt
|2 rdacontent
|
| 337 |
|
|
|a computer
|b c
|2 rdamedia
|
| 338 |
|
|
|a online resource
|b cr
|2 rdacarrier
|
| 588 |
|
|
|a Description based on print version record.
|
| 590 |
|
|
|a Electronic reproduction. Ann Arbor, MI : ProQuest, 2018. Available via World Wide Web. Access may be limited to ProQuest affiliated libraries.
|
| 650 |
|
0 |
|a Working mothers.
|
| 655 |
|
4 |
|a Electronic books.
|
| 776 |
0 |
8 |
|i Print version:
|a Brykman, Beth.
|t Best of both worlds : how mothers can find full-time satisfaction in part-time work.
|d Amherst, New York : Prometheus Books, c2016
|h 260 pages
|z 9781633882478
|
| 797 |
2 |
|
|a ProQuest (Firm)
|
| 856 |
4 |
0 |
|u https://ebookcentral.proquest.com/lib/matrademy/detail.action?docID=5890602
|z Click to View
|